Sanctury V.

Saved in:
Bibliographic Details
Main Author: Schulberg, Budd, 1914-
Format: Book
Language:English
Published: Lond. : Allen, 1970.
LEADER 00658nam a22001931 4500
001 c000194787
003 CARM
005 20021125001700.0
008 851003s1970 enk 1 eng d
019 1 |a 3541263  |z 3965457  |5 LACONCORD2021 
035 |a (OCoLC)16191448  |5 LACONCORD2021 
100 1 |a Schulberg, Budd,  |d 1914- 
245 1 0 |a Sanctury V. 
260 |a Lond. :  |b Allen,  |c 1970. 
740 0 |a Sanctuary v. 
852 8 |b CARM  |h A2:AN38A0  |i B06430  |p 0298451  |f BK 
082 0 4 |a 813.5 
999 f f |i 0dcf2bee-61cb-5dc6-a6eb-f67af12f974a  |s 80bbffe4-0f75-586e-b688-d9a3700719ad 
952 f f |p Can circulate  |a CAVAL  |b CAVAL  |c CAVAL  |d CARM 1 Store  |e B06430  |f A2:AN38A0  |h Other scheme  |i book  |m 0298451